000 00294 a2200145 4500
001 169616
020 _a
040 _cMagnum
100 _aViney, Peter
240 1 0 _aSunnyvista city
_lING
245 1 0 _aSunnyvista city
362 0 _a1899
697 _aLITERATURA ESTRANGEIRA
942 _cBK
999 _c169616
_d169616